00585nam a22001577a 4500003000400000020001800004082001400022100001800036245005000054260002700104300000800131942001200139952012900151952013000280999001700410SGT a9789387964327 a615bDHI  aDHIKAV VIKAS  aPRINCIPLES AND PRACTICE OF CLINICAL PHARMACY  aINDIA bCBS PUB c2019 a253 2ddccBK 00102ddc40708FSaSSSLbSSSLcTXTd2026-03-26eABCiSGTUl0o615 DHI pDP2040r2026-03-26 00:00:00w2026-03-09yBKk22597 00102ddc40708FSaSSSLbSSSLcTXTd2026-03-26eABC iSGTUl0o615 DHI pDP2041r2026-03-26 00:00:00w2026-03-19yBKk22707 c34499d34499